000 00326nam a22001337a 4500
008 180313b xxu||||| |||| 00| 0 eng d
020 _a0803656483
041 _aeng
080 _22nd
_a615.83
100 _a8
101 _aEKF
245 _aClinical kinesiology for physical therapist assistans
_cLippert,L
942 _2udc
_cBK
999 _c44848
_d44848